000 00679nam a22002177a 4500
999 _c14916
_d14916
003 AR-CdUCM
008 190425b ||||| |||| 00| 0 spa d
020 _a978-612-46460-5-8
040 _aMUNICIPALIDAD PROVINCIAL DEL CUSCO
_cBIBLIOTECA MUNICIPAL DEL CUSCO
082 _aPI / 985 /
_bR78
100 _aRojas Zimin, Svetlana
_930566
245 _aAnimales /
260 _aPerú :
_bThe Bermudas Triangle Editores,
_c2016.
300 _a56 páginas ;
_bilustraciones,
_c221 cm.
440 _aColección Mi Perú.
_930567
650 _aLiteratura infantil
_9588
650 _aAprendizaje
_92143
650 _aAnimales
_9917
942 _2ddc
_cLIBROS
945 _aachl
_d2019-04-25